000 00945nam a2200265 a 4500
001 19164
003 BD-RjUL
005 20211209000407.0
008 161205r19501909nyu 00100 engmd
035 _a(BD-RjUL)19222
040 _cORL
_dOCL
_dBOS
_dBOS
_aBD-RjUL
_beng
041 1 _aeng
_hara
082 _a297.122
_bKOR 1953
_223
245 0 4 _aThe Koran /
_ctranslated from the Arabic by the Rev. J.M. Rodwell, M.A. ; introd. by the Rev. G. Margoliouth, M.A.
260 _aLondon ;
_bJ.M. Dent & co. ;
_aNew York :
_bE.P. Dutton & co.,
_c1950 [Reprinted 1953].
300 _axvi. 506 p. ;
_c17 cm.
490 0 _aEveryman's library, ed. by Ernest Rhys: philosophy & theology, 380.
500 _aReprint of 1909 ed.
500 _a"List of English translations": p. xi.
504 _aIncludes index.
650 _aKoran.
_945254
700 1 _aRodwell, J. M.
_q(John Medows),
_d1808-1900.
_958966
942 _2ddc
_cBK
999 _c19164
_d19164